Pseudo Legendary Pokemon (and pre evos) - Statistics

General Stats
  • This quiz has been taken 14 times
  • The average score is 11 of 28
Answer Stats
Answer % Correct
Dragonite
90%
Dratini
90%
Dragonair
80%
Tyranitar
70%
Bagon
60%
Gabite
60%
Garchomp
60%
Gible
60%
Metang
60%
Pupitar
60%
Beldum
50%
Larvitar
50%
Metagross
50%
Hydreigon
40%
Goodra
30%
Goomy
30%
Salamance
30%
Shelgon
30%
Deino
20%
Jangmo-o
20%
Sliggoo
20%
Zwielous
20%
Arctibax
10%
Fridgibax
10%
Dragapult
0%
Drakloak
0%
Dreepy
0%
Hakomo-o
0%
No matching quizzes found
Score Distribution
Percent of People with Each Score
Percentile by Number Answered
Your Score History
You have not taken this quiz